NFL STARTING QB QUIZ - Statistics

General Stats
  • This quiz has been taken 56 times
  • The average score is 24 of 32
Answer Stats
Hint Answer % Correct
chiefs #15 patrick mahomes
100%
ravens #8 lamar jackson
98%
seahawks #3 Russell wilson
96%
packers #12 Aaron rodgers
93%
buccaneers #12 tom brady
93%
cowboys #4 dak prescott
89%
lions #9 matthew stafford
89%
bills #17 josh allen
87%
rams #16 jared goff
84%
bengals #9 joe burrow
84%
vikings #8 kirk cousins
84%
giants #8 daniel jones
82%
49ers #10 jimmy garoppolo
82%
cardinals #1 kyler murray
82%
falcons #2 matt ryan
82%
browns #6 baker Mayfield
78%
texans #4 Deshaun watson
78%
saints #9 drew brees
78%
steelers #7 ben Roethlisberger
76%
eagles #11 carson wentz
76%
titans #17 ryan tannehill
76%
raiders #4 derek carr
71%
patriots #1 cam newton
67%
colts #17 phillip rivers
64%
dolphins #14 ryan fitzpatrick
62%
jets #14 sam darnold
60%
panthers #5 teddy Bridgewater
51%
jaguars #10 gardner minshew
47%
bears #10 mitchell trubisky
47%
broncos #3 drew lock
42%
chargers #5 tyrod taylor
36%
football team #7 dwayne haskins
18%
No matching quizzes found
Score Distribution
Percent of People with Each Score
Percentile by Number Answered
Your Score History
You have not taken this quiz